Normal view
MARC view
Entry Personal Name
001 - CONTROL NUMBER
- control field: 749846
003 - CONTROL NUMBER IDENTIFIER
- control field: OSt
005 - DATE AND TIME OF LATEST TRANSACTION
- control field: 20250326144533.0
008 - FIXED-LENGTH DATA ELEMENTS
- fixed length control field: 250326|| aca||aabn | a|a d
040 ## - CATALOGING SOURCE
- Original cataloging agency: OSt
- Transcribing agency: OSt
100 ## - HEADING--PERSONAL NAME
- Personal name: Macintosh R
670 ## - SOURCE DATA FOUND
- Source citation: Work cat.: (OSt)1304086: Macintosh R, Complexity and organization : readings and conversations, 2006
